Iqbal Singh Chahal: (Record no. 205980)

MARC details
000 -LEADER
fixed length control field 01131nam a22001817a 4500
005 - DATE AND TIME OF LATEST TRANSACTION
control field 20241120173141.0
010 ## - LCCN (DPL NO)
LC control number ENG-142181
020 ## - INTERNATIONAL STANDARD BOOK NUMBER
International Standard Book Number 9789355431295
Terms of availability 799.00
035 ## - SYSTEM CONTROL NUMBER
System control number EN-125713
037 ## - SOURCE OF ACQUISITION
Source of stock number/acquisition DBAD
082 ## - DEWEY DECIMAL CLASSIFICATION NUMBER
Classification number 921
100 ## - MAIN ENTRY--PERSONAL NAME
Personal name Merchant, Minhaz
245 ## - TITLE STATEMENT
Title Iqbal Singh Chahal:
Remainder of title Covid Warrior/
Statement of responsibility, etc By Minhaz Merchant
260 ## - PUBLICATION, DISTRIBUTION, ETC. (IMPRINT)
Place of publication, distribution, etc Noida
Name of publisher, distributor, etc Amarllis
Date of publication, distribution, etc 2022
270 ## - ADDRESS
Address C-16 , sector 3,
City noida,
Postal code 201301
Electronic mail address www.manjuliindia.com
300 ## - PHYSICAL DESCRIPTION
Extent 279p.
Dimensions 24cm(hb)
942 ## - ADDED ENTRY ELEMENTS (KOHA)
Source of classification or shelving scheme Dewey Decimal Classification
Item type English Books
Classification part 921
Call number suffix MER
Holdings
Withdrawn status Lost status Not for loan Collection code Home library Current library Date acquired Source of acquisition Cost, normal purchase price Full call number Barcode Copy number Cost, replacement price Koha item type
      Non-fiction Bawana Bawana 27/09/2024 DBAD 799.00 921 MER EN-125713 1 799.00 English Books

© Delhi Public Library
Hit Counter
free hit counter